Automatic feedback control system (Record no. 12669)

000 -LEADER
fixed length control field 00422nam a22001577a 4500
008 - FIXED-LENGTH DATA ELEMENTS--GENERAL INFORMATION
fixed length control field 210212b ||||| |||| 00| 0 eng d
082 00 - DEWEY DECIMAL CLASSIFICATION NUMBER
Classification number 629.83
Item number T874
100 ## - MAIN ENTRY--PERSONAL NAME
9 (RLIN) 4779
Personal name John G. Truxal
245 10 - TITLE STATEMENT
Title Automatic feedback control system
250 ## - EDITION STATEMENT
Edition statement 1st ed.
260 ## - PUBLICATION, DISTRIBUTION, ETC. (IMPRINT)
Place of publication, distribution, etc Bombay:
Name of publisher, distributor, etc McGraw-Hill
Date of publication, distribution, etc 1955
300 ## - PHYSICAL DESCRIPTION
Extent xiii, 675p.
365 ## - TRADE PRICE
Unit of pricing 27.00
650 #0 - SUBJECT ADDED ENTRY--TOPICAL TERM
Topical term or geographic name as entry element Feedback control systems
942 ## - ADDED ENTRY ELEMENTS (KOHA)
Item type Books
Holdings
Withdrawn status Lost status Source of classification or shelving scheme Damaged status Not for loan Permanent location Current location Date acquired Source of acquisition Full call number Barcode Date last seen Koha item type
          IMU Kolkata IMU Kolkata 1973-10-20 Sankar’s Book Agency 629.83 T874 03999 2021-02-12 Books
Designed and Maintained by IMU-KC Library, Kolkata Campus © Copyright All Rights Reserved

webs counters

Powered by Koha